[Event "World Youth Girl U16 2016"]
[Site "Khanty-Mansiysk RUS"]
[Date "2016.09.30"]
[Round "8.11"]
[White "Mammadova, Susan"]
[Black "Sakorenko, Adriana"]
[Result "0-1"]
[WhiteElo "1836"]
[BlackElo "2007"]
[WhiteFideId "13413210"]
[BlackFideId "34130249"]
[EventDate "2016.09.22"]

1. e4 e6 2. d4 d5 3. exd5 exd5 4. Bd3 Bd6 5. Ne2 Ne7 6. O-O O-O 7. Bf4 Bf5 8.
Nbc3 c6 9. Re1 Bxd3 10. Qxd3 Ng6 11. Bxd6 Qxd6 12. Ng3 Nd7 13. Nf5 Qf6 14. Ne2
Nh4 15. Neg3 Nxf5 16. Qxf5 Rfd8 17. Qg4 Nf8 18. Re5 Ng6 19. Nh5 Qd6 20. Rae1 Qf8
21. R5e2 f5 22. Qg5 Re8 23. h3 Re4 24. f3 Rxe2 25. Rxe2 f4 26. Kh2 Qf7 27. Qg4
Rf8 28. Re6 Qf5 29. Re7 Rf7 30. Qxf5 Rxf5 31. Nxg7 Nxe7 32. Nxf5 Nxf5 33. c3 Ne3
34. b3 b5 0-1

[Event "World Youth Girl U16 2016"]
[Site "Khanty-Mansiysk RUS"]
[Date "2016.09.30"]
[Round "8.12"]
[White "Yang, Yijing"]
[Black "Hrescak, Ivana"]
[Result "0-1"]
[WhiteTitle "WCM"]
[BlackTitle "WFM"]
[WhiteElo "1975"]
[BlackElo "1957"]
[WhiteFideId "8608601"]
[BlackFideId "14613441"]
[EventDate "2016.09.22"]

1. d4 f5 2. c4 Nf6 3. Nf3 g6 4. g3 Bg7 5. Bg2 O-O 6. O-O d6 7. Nc3 Qe8 8. d5 c6
9. Re1 Na6 10. Rb1 Nc5 11. Be3 Nce4 12. Nxe4 fxe4 13. Ng5 Bf5 14. Bh3 Bxh3 15.
Nxh3 Ng4 16. Qd2 h6 17. Bd4 g5 18. Bxg7 Qh5 19. f3 e3 20. Qd4 Qxh3 21. Qxg4 Qxg4
22. fxg4 Kxg7 23. Rbd1 cxd5 24. cxd5 Rac8 25. Rd3 Rc5 26. Rxe3 Rf7 27. Rd3 Rc2
28. Rb3 b6 29. Rb5 Rc4 30. h3 Rc2 31. a4 Rf8 32. b3 Rb8 33. a5 Rc5 34. Rb4 Rxd5
35. axb6 Rxb6 36. Re4 e5 37. Rc4 Rb7 38. Rec1 Kf6 39. Rc7 Rdb5 40. R1c6 Ke6 41.
Rxb7 Rxb7 42. Ra6 Rxb3 43. Rxa7 Rxg3+ 44. Kh2 Re3 45. Rh7 Rxe2+ 46. Kg3 Re3+ 47.
Kg2 d5 48. Rxh6+ Kf7 49. Kf2 d4 50. h4 gxh4 51. Rxh4 Kf6 52. Rh8 e4 53. Rd8 Rf3+
54. Ke1 Ke5 55. g5 Rg3 56. Rg8 Kf4 57. g6 Ke3 58. Kf1 d3 59. Ra8 Rxg6 60. Rf8
Rc6 0-1

[Event "World Youth Girl U16 2016"]
[Site "Khanty-Mansiysk RUS"]
[Date "2016.09.30"]
[Round "8.13"]
[White "Petraki, Argiro"]
[Black "Tishova, Svetlana"]
[Result "1-0"]
[WhiteElo "1632"]
[BlackElo "2317"]
[WhiteFideId "4252748"]
[BlackFideId "24173550"]
[EventDate "2016.09.22"]

1. e4 c5 2. Nf3 d6 3. d4 cxd4 4. Nxd4 Nf6 5. Nc3 a6 6. h3 e5 7. Nde2 b5 8. g4 b4
9. Nd5 Nxd5 10. Qxd5 Ra7 11. Bg2 Be6 12. Qd3 Nd7 13. Be3 Nc5 14. Qd2 Rb7 15. O-O
Be7 16. Nc1 Qc8 17. Nd3 Nxd3 18. cxd3 h5 19. f3 Bd8 20. d4 Bb6 21. Rfc1 Qb8 22.
Bf1 Qa7 23. Qxb4 Bxd4 24. Bxd4 Qxd4+ 25. Qxd4 exd4 26. b3 hxg4 27. hxg4 Rb6 28.
Rd1 Ke7 29. Rxd4 Kf6 30. Kf2 Rh1 31. Ke3 Rc6 32. Rad1 Rc3+ 33. R4d3 Rc2 34. a3
Ra2 35. b4 g5 36. Be2 Rh3 37. R1d2 Ra1 38. Rc2 Ke5 39. Rc6 Bxg4 40. Rcxd6 Be6
41. Rxa6 g4 42. Ra5+ Kf6 43. Rd1 Ra2 44. b5 Rb2 45. Rd2 Rb1 46. Rd8 Rb3+ 47. Rd3
gxf3 48. Bxf3 Rxf3+ 49. Kxf3 Rxd3+ 50. Kf4 Rb3 51. e5+ Kg6 52. Ke4 Bc4 53. a4
Rb4 54. Kd4 Bb3+ 55. Kc5 Rc4+ 56. Kd6 Bxa4 57. b6 Bc6 58. Ra7 Be4 59. b7 Rc6+
60. Kd7 Rb6 61. Ra6 Bxb7 62. Rxb6+ Kf5 63. e6 Bc8+ 64. Kxc8 fxe6 65. Kd7 e5 66.
Re6 Kf4 67. Kd6 e4 68. Kd5 e3 69. Kd4 1-0

[Event "World Youth Girl U16 2016"]
[Site "Khanty-Mansiysk RUS"]
[Date "2016.09.30"]
[Round "8.14"]
[White "Jie, Tianhui"]
[Black "Afonasieva, Anna"]
[Result "1/2-1/2"]
[BlackTitle "WFM"]
[WhiteElo "1914"]
[BlackElo "2132"]
[WhiteFideId "30908566"]
[BlackFideId "24173606"]
[EventDate "2016.09.22"]

1. d4 Nf6 2. c4 g6 3. Nc3 d5 4. cxd5 Nxd5 5. Bd2 Nb6 6. Nf3 Bg7 7. e3 O-O 8. Be2
Nc6 9. O-O e5 10. dxe5 Nxe5 11. Qc2 Qe7 12. Nxe5 Bxe5 13. Bf3 c6 14. Ne2 Qh4 15.
Ng3 Qc4 16. Bc3 Bxc3 17. bxc3 Bg4 18. Bxg4 Qxg4 19. Rfd1 c5 20. Qe4 Qxe4 21.
Nxe4 Na4 22. c4 Rfd8 23. Kf1 b6 24. Rdc1 Nb2 25. Rc2 Nd3 26. a3 Ne5 27. Ke2 Kf8
28. f4 Nc6 29. Nf6 Kg7 30. Nd5 Rd6 31. Kf3 Rad8 32. Rc3 f5 33. g4 Na5 34. gxf5
gxf5 35. Rg1+ Rg6 36. Rxg6+ hxg6 37. e4 fxe4+ 38. Kxe4 Re8+ 39. Kd3 Rh8 40. Rc2
Nc6 41. Rg2 Kf7 42. Ke4 Rh3 43. Ne3 1/2-1/2

[Event "World Youth Girl U16 2016"]
[Site "Khanty-Mansiysk RUS"]
[Date "2016.09.30"]
[Round "8.15"]
[White "Limanovska, Elizabete"]
[Black "Broly, Mathilde"]
[Result "1/2-1/2"]
[WhiteElo "1870"]
[BlackElo "2046"]
[WhiteFideId "11603542"]
[BlackFideId "20682794"]
[EventDate "2016.09.22"]

1. e4 e6 2. d4 d5 3. Nd2 c5 4. exd5 Qxd5 5. Ngf3 cxd4 6. Bc4 Qd7 7. O-O Nc6 8.
Nb3 Nf6 9. Nbxd4 Nxd4 10. Nxd4 a6 11. Bf4 Bc5 12. Nf3 O-O 13. Qxd7 Nxd7 14. Rad1
b5 15. Be2 Nf6 16. Ne5 Bb7 17. Nd7 Nxd7 18. Rxd7 Bd5 19. Bf3 Rad8 20. Rxd8 Rxd8
21. Rd1 Kf8 22. c3 Ke7 23. Bxd5 Rxd5 24. Rxd5 exd5 25. Kf1 f6 1/2-1/2

[Event "World Youth Girl U16 2016"]
[Site "Khanty-Mansiysk RUS"]
[Date "2016.09.30"]
[Round "8.16"]
[White "Gundogan, Sinem Cagla"]
[Black "Simakova, Elena"]
[Result "1-0"]
[WhiteTitle "WCM"]
[WhiteElo "1933"]
[BlackElo "1860"]
[WhiteFideId "6325378"]
[BlackFideId "34142166"]
[EventDate "2016.09.22"]

1. e4 c5 2. d4 cxd4 3. c3 d5 4. exd5 Qxd5 5. cxd4 Nc6 6. Nf3 Bg4 7. Nc3 Qa5 8.
Be2 Nf6 9. O-O e6 10. h3 Bh5 11. Bf4 Be7 12. Nb5 O-O 13. Bc7 b6 14. a3 Bxf3 15.
gxf3 a6 16. b4 Nxb4 17. axb4 Qxb4 18. Na3 Rfc8 19. Be5 Qc3 20. Qa4 b5 21. Nxb5
axb5 22. Qxa8 Rxa8 23. Rxa8+ Bf8 24. Bd6 Nd7 25. Bxb5 Qxd4 26. Be7 Qd5 27. Rd8
Qxb5 28. Rd1 h6 29. R1xd7 Qb1+ 30. Kh2 Qc2 31. Rxf8+ Kh7 32. Kg2 Qg6+ 33. Kh2
Qc2 34. Bh4 Qc4 35. Rfxf7 Qxh4 36. Rxg7+ Kh8 37. Kg2 Qh5 38. Rh7+ Kg8 39. Rhg7+
Kf8 40. Rdf7+ Ke8 41. Rb7 Kf8 42. Rgc7 Qg5+ 43. Kh1 Qd8 44. Rh7 Qd1+ 45. Kg2 Kg8
46. Rhd7 1-0

[Event "World Youth Girl U16 2016"]
[Site "Khanty-Mansiysk RUS"]
[Date "2016.09.30"]
[Round "8.17"]
[White "Monroy G., Nataly A."]
[Black "Kostava, Elene"]
[Result "1-0"]
[WhiteTitle "WIM"]
[WhiteElo "2105"]
[BlackElo "1756"]
[WhiteFideId "3304019"]
[BlackFideId "13603280"]
[EventDate "2016.09.22"]

1. d4 Nf6 2. Nf3 c5 3. d5 b5 4. c4 d6 5. cxb5 a6 6. b6 Nbd7 7. Nc3 Nxb6 8. h3 g6
9. e4 Bg7 10. Be2 O-O 11. O-O Bb7 12. Qc2 Qc7 13. a4 Nbd7 14. Bf4 Rfb8 15. Nd2
Bc8 16. a5 Rb4 17. Nc4 Ne8 18. Na4 h6 19. Ncb6 Nxb6 20. axb6 Qd8 21. Bd2 Rxb6
22. Nxb6 Qxb6 23. Be3 Rb8 1-0

[Event "World Youth Girl U16 2016"]
[Site "Khanty-Mansiysk RUS"]
[Date "2016.09.30"]
[Round "8.19"]
[White "Bauyrzhan, Arnash"]
[Black "Sevilla, Julia"]
[Result "1-0"]
[WhiteElo "1904"]
[BlackElo "1546"]
[WhiteFideId "13706322"]
[BlackFideId "2099730"]
[EventDate "2016.09.22"]

1. e4 c5 2. Nf3 d6 3. Bb5+ Nd7 4. O-O a6 5. Bd3 Ngf6 6. c3 e6 7. Bc2 b5 8. d4
Bb7 9. Qe2 Be7 10. h3 Qc7 11. Bf4 Rc8 12. Bh2 cxd4 13. Nxd4 O-O 14. Nd2 Ne5 15.
f4 Nc4 16. Nxc4 Qxc4 17. Bd3 Qc5 18. Kh1 b4 19. Bg1 Qh5 20. cxb4 Qxe2 21. Nxe2
Nxe4 22. Bxe4 Bxe4 23. Nc3 d5 24. a3 Bc2 25. Rac1 Bb3 26. b5 Bc4 27. bxa6 Bxf1
28. Rxf1 Bc5 29. Nb5 Bxg1 30. Kxg1 Ra8 31. a7 Rfc8 32. Rf3 f6 33. Re3 Rc5 34.
Rb3 e5 35. Nd6 Ra5 36. Rb7 d4 37. Nc4 Ra4 38. Nb6 Ra6 39. Nd7 Re8 40. Nc5 Ra5
41. b4 Rxa3 42. b5 d3 43. Rb8 Kf7 44. Rxe8 Kxe8 45. Na6 d2 46. a8=Q+ Kd7 47.
Qb7+ Kd6 48. Qc6+ Ke7 49. Qc5+ Ke6 50. f5+ Kxf5 51. Qf2+ Kg6 52. Qxd2 e4 53. Nb4
h5 54. b6 h4 55. b7 e3 56. Qe2 1-0

[Event "World Youth Girl U16 2016"]
[Site "Khanty-Mansiysk RUS"]
[Date "2016.09.30"]
[Round "8.20"]
[White "Dong, Khanh Linh"]
[Black "Hamedi Nia, Vesal"]
[Result "1-0"]
[WhiteTitle "WCM"]
[WhiteElo "1671"]
[BlackElo "1904"]
[WhiteFideId "12403040"]
[BlackFideId "12542253"]
[EventDate "2016.09.22"]

1. d4 d5 2. c4 e6 3. Nf3 Nf6 4. g3 Be7 5. Bg2 O-O 6. O-O Nbd7 7. c5 c6 8. Nc3 b6
9. cxb6 axb6 10. Qc2 Bb7 11. e4 c5 12. exd5 Nxd5 13. dxc5 Nxc5 14. Rd1 Qc8 15.
Nxd5 Bxd5 16. Ng5 Bxg5 17. Bxd5 exd5 18. Bxg5 Qb7 19. Qf5 f6 20. Be3 Rfd8 21. b4
Na4 22. Rd4 Rd6 23. Rg4 Nc3 24. Bh6 g6 25. Qd3 Qd7 26. Rd4 Nb5 27. Rh4 g5 28.
Rh5 Qg4 29. Qd1 Qd7 1-0

[Event "World Youth Girl U16 2016"]
[Site "Khanty-Mansiysk RUS"]
[Date "2016.09.30"]
[Round "8.21"]
[White "Ni Mhuireagain, Eibhia"]
[Black "Busuioc, Alexandra"]
[Result "0-1"]
[WhiteElo "1433"]
[BlackElo "1876"]
[WhiteFideId "2505665"]
[BlackFideId "1635778"]
[EventDate "2016.09.22"]

1. e4 c5 2. c4 Nc6 3. Nc3 g6 4. d3 Bg7 5. Nge2 e6 6. g3 Nge7 7. Bg2 d6 8. O-O
O-O 9. h3 b6 10. f4 Bb7 11. g4 Nd4 12. Be3 Nxe2+ 13. Qxe2 d5 14. e5 Bc6 15. Bd2
dxc4 16. dxc4 Bxg2 17. Kxg2 Nc6 18. Ne4 Nd4 19. Qf2 Qe7 20. Nd6 f6 21. exf6 Bxf6
22. Ne4 Bh4 23. Qg1 Qb7 24. Qe3 Nc2 25. Qe2 Nxa1 26. Rxa1 Bf6 27. Rb1 Rad8 28.
Kh2 Bd4 29. Qg2 Qe7 30. b3 Kh8 31. Re1 Qd7 32. Bc3 Bxc3 33. Nxc3 Qd2 34. Qxd2
Rxd2+ 35. Re2 Rfd8 36. Rxd2 Rxd2+ 37. Kg1 Rc2 38. Nb5 Rxa2 39. Kf1 Kg7 40. Kg1
a6 41. Nc7 Kf7 42. Na8 b5 43. cxb5 axb5 44. Nc7 Ra5 45. Kf2 Ke7 46. f5 gxf5 47.
gxf5 exf5 48. Nd5+ Ke6 49. Ne3 Ra3 50. Kf3 Rxb3 51. Kf4 Rxe3 52. Kxe3 b4 0-1

[Event "World Youth Girl U16 2016"]
[Site "Khanty-Mansiysk RUS"]
[Date "2016.09.30"]
[Round "8.22"]
[White "Cieslak, Wiktoria"]
[Black "Shih, Ching-An"]
[Result "1-0"]
[BlackTitle "WCM"]
[WhiteElo "1869"]
[BlackElo "1460"]
[WhiteFideId "1160036"]
[BlackFideId "16300653"]
[EventDate "2016.09.22"]

1. e4 c5 2. Nf3 d6 3. d4 cxd4 4. Nxd4 Nf6 5. Nc3 g6 6. Be3 Bg7 7. f3 Nc6 8. Qd2
O-O 9. O-O-O Nxd4 10. Bxd4 Be6 11. g4 a6 12. h4 b5 13. Kb1 Rc8 14. h5 Qe8 15.
Qh2 h6 16. hxg6 fxg6 17. g5 Nh5 18. Bxg7 Kxg7 19. gxh6+ Kxh6 20. f4 Bg4 21. Be2
Bxe2 22. Nxe2 Qf7 23. f5 Rc5 24. Nf4 gxf5 25. Nxh5 fxe4 26. Ng7+ Kg6 27. Qh6# 1-0

[Event "World Youth Girl U16 2016"]
[Site "Khanty-Mansiysk RUS"]
[Date "2016.09.30"]
[Round "8.23"]
[White "Blazeka, Mihaela"]
[Black "Nazarova, Veronika"]
[Result "1-0"]
[WhiteElo "1868"]
[BlackElo "1303"]
[WhiteFideId "14528576"]
[BlackFideId "4506944"]
[EventDate "2016.09.22"]

1. d4 d5 2. c4 e6 3. Nf3 Nf6 4. Nc3 Nbd7 5. Bf4 c6 6. e3 Be7 7. b3 Nh5 8. Bg3
Nxg3 9. hxg3 Nf6 10. Bd3 b6 11. Qc2 g6 12. Ne5 Bb7 13. Nxg6 fxg6 14. Bxg6+ Kd7
15. Bd3 Qg8 16. O-O-O h5 17. Ne2 h4 18. gxh4 Qxg2 19. Nf4 Qg7 20. Rdg1 Ba3+ 21.
Kb1 Qe7 22. Ng6 Qb4 23. Ne5+ Kd6 24. Rg7 Rab8 25. Nf7+ Kd7 26. Nxh8+ Kd6 27.
Nf7+ Kc7 28. Ne5+ Kd6 29. Rf7 dxc4 30. Nxc4+ Kd5 31. e4+ Kxd4 32. Nxa3 Qxa3 33.
Qc4+ Ke5 34. f4+ Kxf4 35. Rxf6+ Ke3 36. Re1+ Kd2 37. Qc2+ 1-0

[Event "World Youth Girl U16 2016"]
[Site "Khanty-Mansiysk RUS"]
[Date "2016.09.30"]
[Round "8.24"]
[White "Kopcova, Ludmila"]
[Black "Zairbek kyzy, Begimay"]
[Result "0-1"]
[WhiteElo "1798"]
[BlackElo "1836"]
[WhiteFideId "363774"]
[BlackFideId "13803603"]
[EventDate "2016.09.22"]

1. d4 Nf6 2. Nf3 e6 3. c4 d5 4. Nc3 c5 5. cxd5 exd5 6. Bg5 cxd4 7. Nxd4 Be7 8.
e3 O-O 9. Be2 h6 10. Bf4 Be6 11. Qb3 Qd7 12. O-O Nc6 13. Nxc6 bxc6 14. Qc2 a5
15. Rfd1 Bd6 16. Bxd6 Qxd6 17. Bf3 Rab8 18. Rac1 Nd7 19. h3 f5 20. Na4 Ne5 21.
Be2 Bd7 22. f4 Ng6 23. Nc5 Rf6 24. Qd2 Qe7 25. Bh5 Nf8 26. b3 Rb5 27. Qc3 Bc8
28. Re1 Nd7 29. Nxd7 Bxd7 30. Be2 Rb4 31. Qc5 Re6 32. Qxe7 Rxe7 33. Bd3 a4 34.
bxa4 Rxa4 35. Re2 Ra3 36. Rd1 c5 37. Kf2 c4 38. Bb1 Be6 39. Rb2 Rc7 40. Rb6 Kf7
41. Rd2 g5 42. fxg5 hxg5 43. g3 f4 44. gxf4 gxf4 45. exf4 c3 46. Re2 Bc8 47. Rb3
Ra4 48. Bd3 Ba6 49. Bxa6 Rxa6 50. Rc2 d4 51. Ke2 Rd6 52. Kd3 Re7 53. Rb4 Re3+
54. Kc4 d3 55. Rxc3 d2 56. Rxe3 d1=Q 57. a4 Qc1+ 58. Rc3 Rc6+ 0-1

[Event "World Youth Girl U16 2016"]
[Site "Khanty-Mansiysk RUS"]
[Date "2016.09.30"]
[Round "8.25"]
[White "Tumova, Anna"]
[Black "Griciute, Rosita"]
[Result "1-0"]
[WhiteElo "1711"]
[BlackElo "1641"]
[WhiteFideId "367397"]
[BlackFideId "12811238"]
[EventDate "2016.09.22"]

1. e4 e5 2. Nf3 Nc6 3. Bc4 Bc5 4. c3 Nf6 5. d4 exd4 6. cxd4 Bb4+ 7. Bd2 Bxd2+ 8.
Nbxd2 d5 9. exd5 Nxd5 10. Qb3 Nce7 11. O-O O-O 12. Rfe1 Nb6 13. Bd3 h6 14. Rac1
c6 15. Nc4 Ned5 16. Nce5 Qf6 17. Nd2 Rb8 18. Ne4 Qd8 19. Rc2 Nd7 20. Nd6 N7f6
21. Ndxf7 Rxf7 22. Nxc6 bxc6 23. Qxb8 Qd7 24. Rec1 Qc7 25. Qxc7 Rxc7 26. Rxc6
Rxc6 27. Rxc6 Ne7 28. Rc1 Nfd5 29. Bc4 Be6 30. Bxd5 Nxd5 31. f3 Kf7 32. Kf2 Kf6
33. a3 a5 34. Rc5 a4 35. Ra5 Nf4 36. Rxa4 Nd3+ 37. Ke3 Nxb2 38. Ra6 Kf7 39. Ra7+
Kf6 40. Ra6 Kf7 41. Ke4 Bd7 42. Kd5 Ke7 43. Ra7 Na4 44. Rb7 Nc3+ 45. Kc4 Nd1 46.
a4 Ne3+ 47. Kc5 Nc2 48. a5 Kd8 49. a6 Kc8 50. Rxd7 Kxd7 51. a7 1-0

[Event "World Youth Girl U16 2016"]
[Site "Khanty-Mansiysk RUS"]
[Date "2016.09.30"]
[Round "8.26"]
[White "Kozybayeva, Alisa"]
[Black "Tomcikova, Zuzana"]
[Result "1-0"]
[WhiteElo "1888"]
[BlackElo "1621"]
[WhiteFideId "13708317"]
[BlackFideId "14939126"]
[EventDate "2016.09.22"]

1. d4 Nf6 2. c4 e6 3. Nc3 c5 4. d5 exd5 5. cxd5 d6 6. Nf3 g6 7. Nd2 Bg7 8. e4
O-O 9. Be2 a6 10. a4 Re8 11. O-O Nbd7 12. f4 Rb8 13. Kh1 Qc7 14. Bd3 Nb6 15. a5
Nbd7 16. Nc4 Nh5 17. Be2 Bxc3 18. bxc3 Ng7 19. e5 dxe5 20. fxe5 Qd8 21. Bf4 Ra8
22. Qd2 Qe7 23. Bg5 f6 24. exf6 Nxf6 25. Bxf6 Qf7 26. Bxg7 Qxg7 27. Nd6 Rf8 28.
Nxc8 Raxc8 29. Bc4 Kh8 30. d6 Qd7 31. Qd5 1-0

[Event "World Youth Girl U16 2016"]
[Site "Khanty-Mansiysk RUS"]
[Date "2016.09.30"]
[Round "8.27"]
[White "Oberholzer, Marni"]
[Black "Wijesuriya, G P Y"]
[Result "1/2-1/2"]
[WhiteElo "1683"]
[BlackElo "1588"]
[WhiteFideId "14310414"]
[BlackFideId "9906959"]
[EventDate "2016.09.22"]

1. d4 Nf6 2. c4 e6 3. Nc3 d5 4. cxd5 exd5 5. Bg5 c6 6. Qc2 Be7 7. e3 h6 8. Bh4
Nbd7 9. Bd3 O-O 10. Nge2 Re8 11. O-O Ne4 12. Bxe7 Qxe7 13. Nxe4 dxe4 14. Bc4 Nf6
15. Nf4 Kh8 16. Qb3 Rf8 17. a4 g5 18. Ne2 Rb8 19. Nc3 Bf5 20. d5 cxd5 21. Nxd5
Nxd5 22. Bxd5 Kg8 23. Rac1 Rbc8 24. Qxb7 Qxb7 25. Bxb7 Rb8 26. Rc7 Rfd8 27. Rb1
Rd2 28. h3 Be6 29. b4 Ra2 30. a5 Rd8 31. Bxe4 Rdd2 32. Rxa7 Rxf2 33. b5 Bf5 34.
Bd5 Bxb1 35. Bxa2 Rxa2 36. b6 Be4 37. b7 Bxb7 38. Rxb7 Rxa5 39. Kf2 1/2-1/2

[Event "World Youth Girl U16 2016"]
[Site "Khanty-Mansiysk RUS"]
[Date "2016.09.30"]
[Round "8.28"]
[White "Krapivina, Galina"]
[Black "Gardiner, Nina"]
[Result "1-0"]
[WhiteElo "1834"]
[BlackElo "1530"]
[WhiteFideId "24159182"]
[BlackFideId "14306867"]
[EventDate "2016.09.22"]

1. e4 e5 2. Nf3 Nc6 3. Nc3 Nf6 4. Bb5 a6 5. Bxc6 dxc6 6. Nxe5 Qd4 7. Nf3 Qd8 8.
h3 Bb4 9. O-O O-O 10. d3 h6 11. Bd2 Re8 12. Re1 Nh7 13. a3 Be7 14. Be3 Qd6 15.
d4 Qg6 16. Ne5 Qe6 17. f4 Bh4 18. Rf1 Bd7 19. f5 Qd6 20. Qh5 Qe7 21. Nxd7 Qxd7
22. Qxh4 f6 23. Rad1 Qf7 24. Qg3 Kh8 25. e5 Rad8 26. e6 Qe7 27. Bf4 Rc8 28. Kh1
Ng5 29. Bxg5 hxg5 30. h4 gxh4 31. Qxh4+ Kg8 32. Rf3 Qd6 33. Rh3 Kf8 34. Qh8+ Ke7
35. Qxg7+ Kd8 36. Ne4 Qf8 37. Qd7# 1-0

[Event "World Youth Girl U16 2016"]
[Site "Khanty-Mansiysk RUS"]
[Date "2016.09.30"]
[Round "8.29"]
[White "Campos Toledo, Andrea Celeste"]
[Black "Horn, Caro"]
[Result "1-0"]
[WhiteElo "1750"]
[BlackElo "1229"]
[WhiteFideId "3826171"]
[BlackFideId "15200884"]
[EventDate "2016.09.22"]

1. e4 e6 2. d4 d5 3. Nd2 c5 4. exd5 exd5 5. Ngf3 Nc6 6. Bb5 Bd7 7. O-O Qb6 8.
Qe2+ Be7 9. dxc5 Qxc5 10. Nb3 Qb6 11. Be3 Qd8 12. Rfe1 Nf6 13. Bc5 O-O 14. Bxe7
Nxe7 15. Bxd7 Qxd7 16. Qxe7 Qb5 17. Nfd4 Qb6 18. Qe5 Rad8 19. Nf5 g6 20. Nh6+
Kh8 21. Ng4 Kg7 22. Nxf6 Qxf6 23. c3 Rd6 24. Qxf6+ Rxf6 25. Re7 Rb8 26. Rd7 Rf5
27. Rd1 Re5 28. R7xd5 Re2 29. R5d2 Re5 30. g3 Rbe8 31. Rd5 Re2 32. R1d2 Re1+ 33.
Kg2 f6 34. Rd7+ R1e7 35. Rxe7+ Rxe7 36. Nd4 Re5 37. h4 h6 38. h5 Rxh5 39. Re2
Re5 40. Rxe5 fxe5 41. Nb5 a6 42. Nd6 b5 43. Kf3 Kf6 44. Ke4 Ke6 45. Nb7 Kf6 46.
Nc5 a5 47. Nd3 g5 48. Nxe5 h5 49. Nc6 a4 50. Nd4 h4 51. gxh4 gxh4 52. Kf4 h3 53.
Kg3 Ke5 54. Nxb5 Ke4 55. Kxh3 Kd3 56. f4 Ke4 57. Kg4 1-0

[Event "World Youth Girl U16 2016"]
[Site "Khanty-Mansiysk RUS"]
[Date "2016.10.01"]
[Round "9.1"]
[White "Shuvalova, Polina"]
[Black "Sliwicka, Alicja"]
[Result "1-0"]
[WhiteTitle "WFM"]
[BlackTitle "WFM"]
[WhiteElo "2393"]
[BlackElo "2092"]
[WhiteFideId "24171760"]
[BlackFideId "1150677"]
[EventDate "2016.09.22"]

1. d4 d5 2. c4 dxc4 3. Nf3 Nf6 4. e3 e6 5. Bxc4 a6 6. O-O c5 7. Bb3 Be7 8. Qe2
Nbd7 9. Rd1 O-O 10. Nc3 b5 11. e4 cxd4 12. Nxd4 Qc7 13. e5 Ne8 14. Bf4 Nc5 15.
Bc2 Bb7 16. a3 Rc8 17. Rac1 Ba8 18. b4 Nd7 19. Bb1 Qa7 20. Ncxb5 Qb8 21. Nc3 a5
22. Qb5 Qxb5 23. Ndxb5 Nb6 24. bxa5 Nc4 25. a4 g5 26. Be3 Nxe3 27. fxe3 Bc5 28.
Kf2 f5 29. Ke2 f4 30. e4 Be3 31. Rc2 Rc5 32. Rd8 Ng7 33. Rxf8+ Kxf8 34. Rb2 Ne8
35. a6 Rxe5 36. Bd3 Ke7 37. Na3 Ba7 38. Nc4 Rc5 39. Nb5 Bb8 40. a7 Be5 41. Nb6
Bxb2 42. Nxa8 Rxb5 43. axb5 Bd4 44. Nb6 Nc7 45. a8=Q Nxa8 46. Nxa8 Kd7 47. Bc4
e5 48. Kf3 h5 49. h3 Kc8 50. Bd5 Kb8 51. b6 Kc8 52. Nc7 Bxb6 53. Ne6 g4+ 54.
hxg4 hxg4+ 55. Kxg4 Kd7 56. Kf5 Kd6 57. Ng5 1-0

[Event "World Youth Girl U16 2016"]
[Site "Khanty-Mansiysk RUS"]
[Date "2016.10.01"]
[Round "9.2"]
[White "Aakanksha, Hagawane"]
[Black "Yao, Lan"]
[Result "1-0"]
[WhiteElo "2183"]
[BlackElo "2235"]
[WhiteFideId "25014510"]
[BlackFideId "8610835"]
[EventDate "2016.09.22"]

1. e4 c5 2. Nf3 d6 3. Bb5+ Bd7 4. Bxd7+ Qxd7 5. O-O Nc6 6. c3 Nf6 7. d4 cxd4 8.
cxd4 Nxe4 9. d5 Ne5 10. Re1 Nf6 11. Nxe5 dxe5 12. Rxe5 e6 13. Nc3 Bd6 14. Re1
O-O 15. dxe6 fxe6 16. Bg5 Rad8 17. Qe2 Rde8 18. Rad1 Nd5 19. Ne4 Bb4 20. Rf1 Rf5
21. Qg4 Kh8 22. Ng3 Rf7 23. Rd3 Be7 24. Ne4 Rf5 25. Bxe7 Qxe7 26. Qd1 Ref8 27.
Ng3 R5f7 28. Rd4 Nf4 29. Re4 Qc5 30. b4 Qc6 31. Qd4 h6 32. Qe3 Qd5 33. Ne2 Nxe2+
34. Qxe2 Rf6 35. a4 Qb3 36. a5 Rc8 37. Rd4 a6 38. Qe4 Rcf8 39. g3 Qb2 40. f4 Rf5
41. Rfd1 Qb3 42. R4d3 Qb2 43. Rd7 Rd5 44. R1xd5 exd5 45. Qe5 Qc1+ 46. Kg2 Qc2+
47. Kh3 Rf6 48. Qxd5 Kh7 49. Qxb7 Qf5+ 50. g4 Qg6 51. Qf3 Qb1 52. Rd4 Rg6 53.
Qd3 Qg1 54. f5 Rf6 55. Rf4 Qc1 56. Rf3 Qe1 57. Qc3 Qe4 58. Kg3 Rc6 59. Qd3 Qe5+
60. Kh3 Rd6 61. Qc2 Rf6 62. Qb1 Qe2 63. Qd3 Qb2 64. Rf4 Qc1 65. Re4 Qb2 66. Re6
Qxb4 67. Rxf6 gxf6 68. Qd7+ Kg8 69. Qe8+ Kg7 70. Qg6+ Kf8 71. Qxf6+ Ke8 72. Qe6+
Kf8 73. Qxh6+ Kg8 74. Qxa6 Qc3+ 75. Kh4 Qe1+ 76. Kh5 Qc3 77. Qa8+ Kg7 78. Qb7+
Kf6 79. Qb6+ Kg7 80. a6 Qh3+ 81. Kg5 Qd3 82. f6+ Kg8 83. Qb8+ 1-0

[Event "World Youth Girl U16 2016"]
[Site "Khanty-Mansiysk RUS"]
[Date "2016.10.01"]
[Round "9.3"]
[White "Kazarian, Anna-Maja"]
[Black "Amina, Battsooj"]
[Result "1-0"]
[WhiteTitle "FM"]
[BlackTitle "FM"]
[WhiteElo "2231"]
[BlackElo "2302"]
[WhiteFideId "1033689"]
[BlackFideId "4902661"]
[EventDate "2016.09.22"]

1. e4 e5 2. Nf3 Nc6 3. Bc4 Bc5 4. d3 Nf6 5. c3 a6 6. a4 O-O 7. O-O d6 8. b4 Bb6
9. a5 Ba7 10. Bg5 h6 11. Bh4 g5 12. Bg3 Bg4 13. h3 Be6 14. Nbd2 Kh8 15. Nh2 d5
16. exd5 Nxd5 17. Qh5 Kg7 18. Rae1 Nxc3 19. Bxe6 fxe6 20. Ng4 Rf6 21. Nxf6 Qxf6
22. Ne4 Nxe4 23. Rxe4 Bd4 24. h4 Qg6 25. Qe2 Rf8 26. Rc1 Rf5 27. Rxc6 bxc6 28.
Bxe5+ Bxe5 29. Rxe5 Kf7 30. Rxf5+ Qxf5 31. Qh5+ Kg7 32. Qe8 Qe5 33. hxg5 hxg5
34. Qd7+ Kf6 35. Qxc6 Qe1+ 36. Kh2 Qxf2 37. Qc3+ Kf5 38. d4 Ke4 39. b5 axb5 40.
a6 Qxd4 41. Qxd4+ Kxd4 42. a7 b4 43. a8=Q c5 44. Qa1+ Kd3 45. Qd1+ Kc3 46. Qe1+
Kd3 47. Qxe6 c4 48. Qd5+ Kc3 49. Qxg5 b3 50. Qc1+ Kb4 51. g4 c3 52. g5 1-0